000 00260nam a2200109 4500
008 160625b xxu||||| |||| 00| 0 eng d
100 _91112
_a Trollope, J
245 _aThe Choir
260 _aLon
_b Transworld Pub.
_c1988
300 _aThe Choir
942 _2ddc
_cBK
999 _c897
_d897